| 000 | 00622nam a22002057a 4500 | ||
|---|---|---|---|
| 942 | _cBK | ||
| 999 |
_c615 _d615 |
||
| 005 | 20250420134818.0 | ||
| 008 | 200813b ||||| |||| 00| 0 eng d | ||
| 020 | _a9783319254463 | ||
| 040 | _cKCST | ||
| 082 |
_a610.28 _bKh Im |
||
| 100 |
_aKhanna, Vinod Kumar, _d1952- _95084 |
||
| 245 |
_aImplantable medical electronics : _bprosthetics, drug delivery, and health monitoring / _cVinod Kumar Khanna |
||
| 260 |
_aCham: _bSpringer, _c2016. |
||
| 300 | _a453 p. | ||
| 650 |
_aMedical electronics _9349 |
||
| 650 |
_aImplants, Artificial _95085 |
||
| 650 |
_aBiomedical engineering _91299 |
||
| 942 | _2ddc | ||